| 000 | 00552nam a22001817a 4500 | ||
|---|---|---|---|
| 999 |
_c160382 _d160382 |
||
| 005 | 20190128142929.0 | ||
| 010 | _aENG-124661 | ||
| 020 |
_a9789350578360 _c195.00 |
||
| 035 | _aEN-108193 | ||
| 037 | _bDBAD/PUB | ||
| 082 | _a485 | ||
| 100 | _aPrasoon, Shrikant | ||
| 245 |
_aEnglish grammer workbook: _cby Shrikant Prasoon _bbasics workout/ |
||
| 260 |
_aNew Delhi _bV & S Publishers _c2017 |
||
| 270 |
_aF-2/16, Ansari Road, Daryaganj, _bNew Delhi _e110002 |
||
| 300 |
_a120p. _c25cm.(pbk) _bill. |
||
| 942 |
_2ddc _cEN _mPRA _h485 |
||